Départements français dont le nom est lié à la mer - Statistiques

Statistiques générales
  • Ce quiz a été pris 249 fois
  • Le résultat moyen est 9 sur 12
Statistiques - réponses
Département % Correct
2 Seine-Maritime
91%
8 Loire-Atlantique
90%
11 Pyrénées-Atlantiques
90%
12 Alpes-Maritimes
89%
4 Manche
88%
9 Charente-Maritime
86%
6 Finistère
76%
5 Cotes-d'Armor
75%
7 Morbihan
74%
1 Pas-de-Calais
69%
10 Gironde
63%
3 Calvados
56%
Aucun quiz correspondant
Distribution des résultats
% des personnes avec chaque résultat
Percentile par nombre de réponses
Votre historique - résultats
Vous n’avez pas pris ce quiz